| 000 | 01154cam a2200337 i 4500 | ||
|---|---|---|---|
| 001 | 200462566 | ||
| 003 | TR-AnTOB | ||
| 005 | 20240927153555.0 | ||
| 007 | ta | ||
| 008 | 231127s2024 tu 000 0 tur d | ||
| 020 | _a9786254328930 | ||
| 040 |
_aTAÜ _beng _erda _cTAÜ _dTR-AnTOB |
||
| 041 | 0 | _atur | |
| 044 | _ctu | ||
| 049 | _aTAÜ | ||
| 050 | 0 | 0 |
_aKKX1050 _b.N373 2024 |
| 090 | 0 | 0 |
_aKKX1050 _b.N373 2024 |
| 100 | 1 |
_aNarbay, Şafak _eauthor _9145080 |
|
| 245 | 0 | 0 |
_aOrtaklıklar hukuku uygulama çalışmaları I : _byargıtay kararları ve öğretinin ışığında tamamı çözümlü olaylar / _cŞafak Narbay, Şengül Al Kılıç, Melih Sönmez, Zehra Seyis, Ensar Ercan. |
| 264 | 1 |
_aİstanbul : _bOn İki Levha Yayıncılık, _c2024. |
|
| 300 |
_axx, 323 pages ; _c23 cm |
||
| 336 |
_ametin _btxt _2rdacontent |
||
| 337 |
_aaracısız _bn _2rdamedia |
||
| 338 |
_acilt _bnc _2rdacarrier |
||
| 490 | 1 |
_aOn İki Levha Yayın ; _v2308. |
|
| 500 | _aKaynakça var. | ||
| 650 | 7 |
_aŞirketler hukuku _zTürkiye _2etuturkob _xTurkey _9107934 |
|
| 650 | 7 |
_aOrtaklık _2etuturkob _xTurkey _990408 |
|
| 942 |
_2lcc _cBK |
||
| 999 |
_c200462566 _d80778 |
||